[Event "ROM-ch U10 Girls"]
[Site "Eforie Nord"]
[Date "2022.04.12"]
[Round "2"]
[White "Volosincu, Irina"]
[Black "Cazacu, Maria Sofia"]
[Result "1/2-1/2"]
[WhiteElo "1153"]
[BlackElo "1016"]
[PlyCount "42"]
[EventDate "2022.04.11"]
[EventType "swiss"]
[EventRounds "9"]
[EventCountry "ROU"]
[SourceTitle "EXT 2023"]
[Source "ChessBase"]
[SourceDate "2022.10.05"]
[SourceVersion "1"]
[SourceVersionDate "2022.10.05"]
[SourceQuality "1"]

1. d4 d5 2. Bf4 Nf6 3. e3 Bf5 4. c4 e6 5. Nc3 Nbd7 6. Nf3 c5 7. cxd5 exd5 8. Bd3 Bxd3 9. Qxd3 c4 10. Qf5 Be7 11. Nxd5 g6 12. Nxf6+ Bxf6 13. Qb5 Qc8 14. Rc1 a6 15. Qb4 b5 16. a4 Qc6 17. 0-0 Nb6 18. e4 bxa4 19. Qa3 Be7 20. Qe3 Qb5 21. Rb1 Qb3 1/2-1/2